UBT Library

The AphA complete review for pharmacy (Record no. 46748)

000 -LEADER
fixed length control field 00295nam a22001217a 4500
008 - FIXED-LENGTH DATA ELEMENTS--GENERAL INFORMATION
fixed length control field 180803b xxu||||| |||| 00| 0 eng d
082 ## - DEWEY DECIMAL CLASSIFICATION NUMBER
Edition number 813.52
245 ## - TITLE STATEMENT
Title The AphA complete review for pharmacy
Statement of responsibility, etc GOURLEY.D.R
300 ## - PHYSICAL DESCRIPTION
Extent 1
Type of unit CD
440 ## - SERIES STATEMENT/ADDED ENTRY--TITLE
International Standard Serial Number 9780972307680
760 ## - MAIN SERIES ENTRY
Edition 4 th
942 ## - ADDED ENTRY ELEMENTS (KOHA)
Source of classification or shelving scheme
Item type Mixed Materials
Holdings
Withdrawn status Lost status Source of classification or shelving scheme Damaged status Not for loan Collection code Permanent location Current location Shelving location Date acquired Total Checkouts Full call number Barcode Date last seen Price effective from Koha item type
          Koleksioni i përgjithshem UBT - Lipjan UBT - Lipjan Koleksioni i përgjithshem 08/03/2018   813.52 GOU 002-3009802 08/03/2018 08/03/2018 Mixed Materials
UBT Library © 2015-2024. All rights reserved University Education for Business and Technology